Las relaciones laborales en Francia

Detalles Bibliográficos
Autor principal: Urteaga, Eguzki
Formato: eBook
Lenguaje:español
Publicado: Alicante : Editorial Club Universitario, 2010
Materias:
Acceso en línea:http://www.vlex.com/source/7371

MARC

LEADER 00000nam a22000007a 4500
005 20130307185714.0
007 cr|||| ||||
008 130307e2010 sp |||||s|||| 00||0 spa d
020 |a 978-84-8454-983-3 
035 |a 7371 
040 |a vLex 
090 |c 3855  |d 3855 
100 1 0 |a Urteaga, Eguzki  
245 1 4 |a Las relaciones laborales en Francia  |c / Eguzki Urteaga   |h [Recurso electrn̤ico]  
256 |a Servicio en ln̕ea 
260 |a Alicante :  |b Editorial Club Universitario,   |c 2010  
300 |a 1 Recurso electrn̤ico 
506 |d vLex Global  |d vLex Global (Academic Edition, excluding Law Schools)  |d vLex Global (U.S. Academic Edition, Law Schools)  |d vLex Global (U.S. Academic Edition, excluding Law Schools)  |d vLex Global (Academic Edition, Law Schools) 
650 0 4 |a Derecho laboral y Seguridad Social  |z Francia 
740 |a vLex Libros (Servicio en ln̕ea) 
856 |a Acceso restringido  |u http://www.vlex.com/source/7371 
942 |c BOOK 
999 0 |a Labor law and legislation